Countries Of Europe - Statistics

General Stats
  • This quiz has been taken 199 times
  • The average score is 42 of 45
Answers on the Map
Answers color-coded by a green-red scale on the quiz's map according to % correct below.
 
Answer Stats
Country % Correct
Denmark
100%
Finland
100%
Iceland
100%
Ireland
100%
Norway
100%
Poland
100%
Russia
100%
Spain
100%
Sweden
100%
United Kingdom
100%
France
98%
Germany
98%
Greece
98%
Italy
98%
Luxembourg
98%
Portugal
98%
Ukraine
98%
Vatican City
98%
Estonia
95%
Latvia
95%
Netherlands
95%
Switzerland
95%
Andorra
93%
Austria
93%
Belgium
93%
Liechtenstein
93%
Hungary
91%
Slovenia
91%
Croatia
89%
Lithuania
89%
Monaco
89%
Romania
89%
Slovakia
89%
Albania
86%
Bosnia and Herzegovina
86%
Bulgaria
86%
Belarus
84%
Czech Republic
84%
Kosovo
84%
Malta
84%
Montenegro
84%
Serbia
84%
Moldova
82%
North Macedonia
82%
San Marino
82%
No matching quizzes found
Score Distribution
Percent of People with Each Score
Percentile by Number Answered
Your Score History
You have not taken this quiz